000 00386nam a2200133Ia 4500
008 151001s9999||||xx |||||||||||||| ||und||
100 _aप्रभा नारायण
245 _aचूँ चूँ कि परदेस यात्रा
250 _a1
260 _bसाक्षर प्रकाशन
260 _c2007
300 _a56
365 _b28
999 _c989547
_d989544